000 00207nam a2200085Ia 4500
008 120527s9999 xx 000 0 und d
100 _aKREIDER, F.Jan
245 _aHeating and cooling of Buildings
942 _cBK
999 _c25220
_d25220